000 00336 a2200157 4500
001 169793
020 _a
040 _cMagnum
100 _aBandeira, Pedro
240 1 0 _aEu quero ficar com voce
_lpor
245 1 0 _aEu quero ficar com voce
362 0 _a1899
440 1 _aModerna
697 _aJ/ADOLESCENTE, NAMORO
942 _cBK
999 _c169793
_d169793